Duolingo人気の言語 - Statistics

General Stats
  • This quiz has been taken 12 times
  • The average score is 10 of 10
Answer Stats
Hint Answer % Correct
1位 英語
100%
2位 スペイン語
100%
3位 フランス語
100%
4位 日本語
100%
5位 ドイツ語
100%
6位 韓国語
100%
7位 イタリア語
100%
8位 中国語
100%
9位 ポルトガル語
90%
10位 ヒンディー語
80%
No matching quizzes found
Score Distribution
Percent of People with Each Score
Percentile by Number Answered
Your Score History
You have not taken this quiz